01607 a2200253 4500003000500000005001700005010001700022020003300039040000900072082001200081100002800093245009600121250001200217260004100229300003500270440004900305505071800354538003001072650002001102700002401122700002401146856009101170856009201261Nust20170207153308.0 a 2003048763 a0072520361 (acid-free paper) cNust00a621.8151 aShigley, Joseph Edward.10aMechanical engineering design /cJoseph E. Shigley, Charles R. Mischke, Richard G. Budynas. a6th ed. aNew York, NY :bMcGraw-Hill,cc2004. axxv, 1030 p. :bill. ;c26 cm. 0aMcGraw-Hill series in mechanical engineering aIntroduction (Page-3), Addressing Uncertainty (Page-47), Stress (Page-93), Deflection And Stiffness (Page-175), Failure Prevention (Page-253), Failures Resulting From Static Loading (Page-315), Failure Resulting From Variable Loading (Page-359), Screws, Fasteners And The Design Of Nonpermanent Joints (Page-445), Welding, Brazing, Bonding And The Design Of Permanent Joints (Page-527), Mechanical Springs (Page-589), Rolling-Contact Bearings (Page-689), Lubrication And Journal Bearings (Page-739), Gearing (Page-831), Spur And Helical Gears (Page-897), Bevel And Worm Gears (Page-951), Clutches, Brakes, Couplings And Flywheels (Page-991), Flexible Mechanical Elements (Page-1049), Shafts And Axles (Page-1107). aAlmirah No.42 Shelf No. 1 0aMachine design.1 aBudynas, Richard G.1 aMischke, Charles R.423Publisher descriptionuhttp://www.loc.gov/catdir/enhancements/fy0702/2003048763-d.html423Table of contents onlyuhttp://www.loc.gov/catdir/enhancements/fy0702/2003048763-t.html